LDR 00739naa#a2200205#i#450# 001 EN\FGKOU VO SPBU MVD ROSSII\bibl\114476 005 20260429041913.3 011 ## _a2713-0622 100 ## _a20260428b2026####ek#y0engy0150####ca 102 ## _aRU 200 1# _aApproaches to the study of prosocial behavior and altruism _eJournal article 210 1# _aSt. Petersburg _cSAINT-PETERSBURG UNIVERSITY OF THE MINISTRY OF INTERNAL AFFAIRS OF THE RUSSIAN FEDERATION _d2026 215 ## _a12 с. 608 ## _aJournal article _2local 675 ## _aПсихология. 159.9 _z 700 #1 _aRean _gArtur Aleksandrovich 700 #1 _aShevchenko _gAndrey Olegovich 700 #1 _aStavtsev _gAlexey Andreevich 700 #1 _aKuzmin _gRoman Gennadevich 856 4# _avestnikspbmvd.ru _u